[Event "5. Open Memorial Pedro Lezcano 2012"]
[Site "Gran Canaria ESP"]
[Date "2012.04.02"]
[Round "1.1"]
[White "Ramirez Medina, Victor"]
[Black "Strikovic, Aleksa"]
[Result "0-1"]
[WhiteElo "1863"]
[BlackElo "2559"]
[PlyCount "55"]
[EventDate "2012.04.02"]
[EventType "swiss"]
[EventRounds "9"]
[EventCountry "ESP"]
[Source "lmi"]
[SourceDate "2012.04.02"]

1. e4 c5 2. Nf3 e6 3. d4 cxd4 4. Nxd4 a6 5. c4 Nf6 6. Nc3 Bb4 7. Bd3 Qc7 8. O-O
Nc6 9. Nxc6 dxc6 10. Qe2 e5 11. Bd2 Bc5 12. h3 O-O 13. Rfd1 Bd4 14. Rac1 Nd7
15. Be3 Nc5 16. Bb1 Ne6 17. a3 a5 18. b4 axb4 19. axb4 Qb6 20. Bxd4 Nxd4 21.
Qb2 Be6 22. Bd3 Rfd8 23. Ne2 c5 24. b5 Nxe2+ 25. Qxe2 Rd4 26. Qc2 Qd6 27. Be2
g6 28. Kf1 0-1

[Event "5. Open Memorial Pedro Lezcano 2012"]
[Site "Gran Canaria ESP"]
[Date "2012.04.02"]
[Round "1.2"]
[White "Kurajica, Bojan"]
[Black "Martinez Rubio, Felipe"]
[Result "1-0"]
[WhiteElo "2548"]
[BlackElo "1853"]
[PlyCount "39"]
[EventDate "2012.04.02"]
[EventType "swiss"]
[EventRounds "9"]
[EventCountry "ESP"]
[Source "lmi"]
[SourceDate "2012.04.02"]

1. d4 d5 2. c4 e6 3. Nf3 Nf6 4. g3 Be7 5. Bg2 c6 6. O-O Nbd7 7. Qc2 Ne4 8. Nbd2
f5 9. Ne1 O-O 10. Ndf3 g5 11. Nd3 Kh8 12. b4 Nd6 13. Nd2 Qe8 14. a4 Qg6 15. b5
Bf6 16. Ba3 Be7 17. bxc6 bxc6 18. cxd5 cxd5 19. Bxd6 Bxd6 20. Qc6 1-0

[Event "5. Open Memorial Pedro Lezcano 2012"]
[Site "Gran Canaria ESP"]
[Date "2012.04.02"]
[Round "1.3"]
[White "Kleine, Peter"]
[Black "Del Rio De Angelis, Salvador G"]
[Result "0-1"]
[WhiteElo "1833"]
[BlackElo "2533"]
[PlyCount "80"]
[EventDate "2012.04.02"]
[EventType "swiss"]
[EventRounds "9"]
[EventCountry "ESP"]
[Source "lmi"]
[SourceDate "2012.04.02"]

1. Nh3 g6 2. g3 Bg7 3. Bg2 d6 4. c3 Nf6 5. O-O O-O 6. f4 e5 7. fxe5 dxe5 8. d3
c6 9. Nf2 Be6 10. Nd2 Nbd7 11. Nde4 Nxe4 12. Nxe4 Qb6+ 13. Kh1 h6 14. c4 f5 15.
Nc3 Rad8 16. Qb3 Qc7 17. Qc2 Nf6 18. Be3 Ng4 19. Bg1 h5 20. h3 Nf6 21. Bh2 Qe7
22. Qa4 a6 23. Qc2 h4 24. e3 hxg3 25. Bxg3 Nh5 26. Bh2 Qg5 27. Rf3 Rd7 28. Rg1
Rfd8 29. Bf1 Qh6 30. Qg2 Bf7 31. Qg5 Qxg5 32. Rxg5 Rxd3 33. Bxd3 Rxd3 34. Na4
Bxc4 35. Rxg6 Bd5 36. Bxe5 Bxf3+ 37. Kg1 Kf7 38. Rg5 Bd5 39. Rxf5+ Nf6 40. Rf3
Rxe3 0-1

[Event "5. Open Memorial Pedro Lezcano 2012"]
[Site "Gran Canaria ESP"]
[Date "2012.04.02"]
[Round "1.4"]
[White "Herraiz Hidalgo, Herminio"]
[Black "Diaz Suarez, Cayetano"]
[Result "1-0"]
[WhiteElo "2485"]
[BlackElo "1827"]
[PlyCount "51"]
[EventDate "2012.04.02"]
[EventType "swiss"]
[EventRounds "9"]
[EventCountry "ESP"]
[Source "lmi"]
[SourceDate "2012.04.02"]

1. d4 Nf6 2. c4 e6 3. Nc3 b6 4. e4 d6 5. Bd3 Nbd7 6. Nf3 c5 7. O-O a6 8. Re1
Bb7 9. Bf1 Qc7 10. b3 cxd4 11. Nxd4 Be7 12. Bb2 g5 13. g3 g4 14. Bg2 Ne5 15.
Rc1 h5 16. Rc2 h4 17. Bc1 h3 18. Bh1 Nc6 19. Nd5 Qd8 20. Nxc6 Bxc6 21. e5 Bxd5
22. exf6 Bxh1 23. fxe7 Qxe7 24. Kxh1 Qb7+ 25. Qd5 Qxd5+ 26. cxd5 1-0

[Event "5. Open Memorial Pedro Lezcano 2012"]
[Site "Gran Canaria ESP"]
[Date "2012.04.02"]
[Round "1.5"]
[White "Buet, Samuel"]
[Black "Vera Gonzalez-Quevedo, Reynaldo"]
[Result "0-1"]
[WhiteElo "1826"]
[BlackElo "2482"]
[PlyCount "53"]
[EventDate "2012.04.02"]
[EventType "swiss"]
[EventRounds "9"]
[EventCountry "ESP"]
[Source "lmi"]
[SourceDate "2012.04.02"]

1. Nf3 d5 2. e3 Nf6 3. b3 e6 4. Bb2 Bd6 5. Be2 O-O 6. O-O c5 7. d3 Nc6 8. Nbd2
e5 9. e4 Re8 10. c4 dxe4 11. dxe4 b6 12. a3 Bb7 13. Bd3 Nd4 14. Bxd4 exd4 15.
Qc2 Qc7 16. Rfe1 Re7 17. Nf1 Rae8 18. N3d2 Ng4 19. g3 f5 20. f3 Ne3 21. Nxe3
dxe3 22. Rxe3 Bxg3 23. Re2 Qe5 24. Rd1 Bf4 25. Kh1 Qf6 26. Rde1 Qh4 27. Rg2 0-1

[Event "5. Open Memorial Pedro Lezcano 2012"]
[Site "Gran Canaria ESP"]
[Date "2012.04.02"]
[Round "1.6"]
[White "Reinaldo Castineira, Roi"]
[Black "Perez Castellano, Susana"]
[Result "1-0"]
[WhiteElo "2470"]
[BlackElo "1817"]
[PlyCount "57"]
[EventDate "2012.04.02"]
[EventType "swiss"]
[EventRounds "9"]
[EventCountry "ESP"]
[Source "lmi"]
[SourceDate "2012.04.02"]

1. e4 e5 2. d4 exd4 3. Nf3 Nc6 4. Nxd4 Bc5 5. Nb3 Bb6 6. Bd3 Nge7 7. O-O d6 8.
Kh1 Be6 9. f4 Qd7 10. f5 Bxb3 11. axb3 O-O-O 12. Nc3 h5 13. Bg5 f6 14. Bc4 Kb8
15. Bh4 Ne5 16. Be6 Qc6 17. Qe2 Ng4 18. Ra4 Ne3 19. Rf3 Ng4 20. Rf1 Ne3 21.
Rfa1 d5 22. exd5 N7xd5 23. Nxd5 Nxd5 24. Re4 Ne7 25. Re1 Qd6 26. Bg3 Qd2 27.
Qc4 Rd4 28. Rxd4 Qxd4 29. Bxc7+ 1-0

[Event "5. Open Memorial Pedro Lezcano 2012"]
[Site "Gran Canaria ESP"]
[Date "2012.04.02"]
[Round "1.8"]
[White "Barlov, Dragan"]
[Black "Capote Robayna, Johanna"]
[Result "1-0"]
[WhiteElo "2443"]
[BlackElo "1809"]
[PlyCount "29"]
[EventDate "2012.04.02"]
[EventType "swiss"]
[EventRounds "9"]
[EventCountry "ESP"]
[Source "lmi"]
[SourceDate "2012.04.02"]

1. d4 Nf6 2. c4 c5 3. Nf3 g6 4. Nc3 cxd4 5. Nxd4 Bg7 6. e4 d6 7. Be2 O-O 8. O-O
Nc6 9. Be3 Qc7 10. Rc1 b6 11. Nd5 Qd7 12. Nxc6 e6 13. Nxf6+ Bxf6 14. e5 Bg7 15.
Bf3 1-0

[Event "5. Open Memorial Pedro Lezcano 2012"]
[Site "Gran Canaria ESP"]
[Date "2012.04.02"]
[Round "1.9"]
[White "Sanchez Montesdeoca, Isaac"]
[Black "Larino Nieto, David"]
[Result "0-1"]
[WhiteElo "1775"]
[BlackElo "2442"]
[PlyCount "52"]
[EventDate "2012.04.02"]
[EventType "swiss"]
[EventRounds "9"]
[EventCountry "ESP"]
[Source "lmi"]
[SourceDate "2012.04.02"]

1. e4 d5 2. exd5 Qxd5 3. Nc3 Qa5 4. d4 Nf6 5. Bc4 Nc6 6. Nge2 Bg4 7. f3 Bf5 8.
O-O O-O-O 9. Be3 e5 10. d5 Bc5 11. Qc1 Nb4 12. Bb3 Nfxd5 13. Nxd5 Nxd5 14. Bxd5
Rxd5 15. Nc3 Rd7 16. Kh1 Rhd8 17. Bxc5 Qxc5 18. Qg5 Bg6 19. Rfe1 f6 20. Qg4 Qd4
21. Qe6 Qd6 22. Qg4 c6 23. Rad1 Qc7 24. Rxd7 Qxd7 25. Qc4 Kb8 26. h3 Bxc2 0-1

[Event "5. Open Memorial Pedro Lezcano 2012"]
[Site "Gran Canaria ESP"]
[Date "2012.04.02"]
[Round "1.10"]
[White "Gergacz, Attila"]
[Black "Guerra Arrocha, Daniel"]
[Result "1-0"]
[WhiteElo "2432"]
[BlackElo "1771"]
[PlyCount "41"]
[EventDate "2012.04.02"]
[EventType "swiss"]
[EventRounds "9"]
[EventCountry "ESP"]
[Source "lmi"]
[SourceDate "2012.04.02"]

1. e4 e6 2. d4 d5 3. Nd2 Nf6 4. e5 Nfd7 5. Bd3 c5 6. c3 Nc6 7. Ngf3 Nb6 8. O-O
cxd4 9. cxd4 f6 10. Re1 fxe5 11. dxe5 Be7 12. Nf1 O-O 13. Ng3 a5 14. Qc2 h6 15.
Be3 Nb4 16. Bh7+ Kh8 17. Qg6 Qe8 18. Bxh6 gxh6 19. Qxh6 Qf7 20. Bf5+ Kg8 21.
Bxe6 1-0

[Event "5. Open Memorial Pedro Lezcano 2012"]
[Site "Gran Canaria ESP"]
[Date "2012.04.02"]
[Round "1.11"]
[White "Salazar De La Cruz, Jose Maria"]
[Black "Fernandez Garcia, Jose Luis"]
[Result "0-1"]
[WhiteElo "1769"]
[BlackElo "2414"]
[PlyCount "48"]
[EventDate "2012.04.02"]
[EventType "swiss"]
[EventRounds "9"]
[EventCountry "ESP"]
[Source "lmi"]
[SourceDate "2012.04.02"]

1. e4 Nf6 2. e5 Nd5 3. d4 d6 4. c4 Nb6 5. Nf3 Bg4 6. Be2 c6 7. exd6 exd6 8. b3
Be7 9. Bb2 O-O 10. O-O a5 11. Nbd2 Re8 12. Re1 Na6 13. Nf1 d5 14. Ne3 Be6 15.
Ne5 Nd7 16. Bf3 Nxe5 17. dxe5 dxc4 18. bxc4 Bb4 19. Re2 Qxd1+ 20. Rxd1 Rad8 21.
a3 Rxd1+ 22. Nxd1 Rd8 23. Rc2 Bf5 24. Rc1 Bd2 0-1

[Event "5. Open Memorial Pedro Lezcano 2012"]
[Site "Gran Canaria ESP"]
[Date "2012.04.02"]
[Round "1.12"]
[White "Espinosa Aranda, Angel"]
[Black "Schlittermann, Wolfgang"]
[Result "1-0"]
[WhiteElo "2399"]
[BlackElo "1751"]
[PlyCount "61"]
[EventDate "2012.04.02"]
[EventType "swiss"]
[EventRounds "9"]
[EventCountry "ESP"]
[Source "lmi"]
[SourceDate "2012.04.02"]

1. e4 c5 2. Nf3 e6 3. d4 cxd4 4. Nxd4 a6 5. Nc3 Bb4 6. Be2 Nf6 7. e5 Nd5 8. O-O
Nxc3 9. bxc3 Bxc3 10. Ba3 Bxa1 11. Qxa1 Qa5 12. Bd6 Nc6 13. Nxc6 dxc6 14. Qd4
Bd7 15. Rd1 Qd8 16. Qg4 g6 17. Qf4 h6 18. Qd4 b6 19. Bf3 c5 20. Qd3 Ra7 21. Be4
Rg8 22. Qe3 Qg5 23. Qxg5 hxg5 24. Bb8 b5 25. Bxa7 c4 26. Bb6 Ke7 27. Bc5+ Ke8
28. g4 Rh8 29. Kg2 a5 30. a3 Rh4 31. h3 1-0

[Event "5. Open Memorial Pedro Lezcano 2012"]
[Site "Gran Canaria ESP"]
[Date "2012.04.02"]
[Round "1.13"]
[White "Guerrero Ruiz, Jose Luis"]
[Black "Cabrera Trujillo, Jorge"]
[Result "0-1"]
[WhiteElo "1744"]
[BlackElo "2357"]
[PlyCount "62"]
[EventDate "2012.04.02"]
[EventType "swiss"]
[EventRounds "9"]
[EventCountry "ESP"]
[Source "lmi"]
[SourceDate "2012.04.02"]

1. e4 c5 2. Nf3 d6 3. d4 cxd4 4. Nxd4 Nf6 5. Nc3 a6 6. Bg5 Nbd7 7. f4 e5 8. Nf5
Qb6 9. Qf3 Qxb2 10. Rb1 Qxc2 11. Rb3 Nc5 12. fxe5 Nfxe4 13. Nd4 Nxg5 14. Qe3
Qg6 15. Rb6 Nge6 16. exd6 Qg5 17. Qxg5 Nxg5 18. Nd5 Nge6 19. Nxe6 Bxe6 20. Nc7+
Kd7 21. Nxa8 Bxd6 22. Be2 Rxa8 23. Bf3 Kc7 24. Rb1 Bxa2 25. Rc1 Re8+ 26. Kf2 b5
27. Rhd1 Bc4 28. g3 a5 29. Rxc4 bxc4 30. Bd5 c3 31. Rc1 Nd3+ 0-1

[Event "5. Open Memorial Pedro Lezcano 2012"]
[Site "Gran Canaria ESP"]
[Date "2012.04.02"]
[Round "1.14"]
[White "Pataki, Gyozo"]
[Black "Engelbrecht, Kevin P"]
[Result "1-0"]
[WhiteElo "2357"]
[BlackElo "1740"]
[PlyCount "71"]
[EventDate "2012.04.02"]
[EventType "swiss"]
[EventRounds "9"]
[EventCountry "ESP"]
[Source "lmi"]
[SourceDate "2012.04.02"]

1. d4 Nf6 2. c4 e6 3. Nc3 Bb4 4. e3 b6 5. Nge2 c5 6. a3 Ba5 7. Rb1 Na6 8. g3
Bb7 9. d5 exd5 10. Bg2 Rb8 11. cxd5 O-O 12. O-O d6 13. e4 Re8 14. Bg5 h6 15.
Bf4 Nh5 16. Be3 Nf6 17. Qa4 Bxc3 18. Nxc3 Qd7 19. Qxd7 Nxd7 20. Nb5 Nf6 21.
Nxd6 Red8 22. Nb5 Ra8 23. Rfd1 Rd7 24. f3 Rad8 25. Bh3 Re7 26. d6 Re5 27. Nxa7
Nd7 28. b4 Ba8 29. Nb5 cxb4 30. Nc7 Bb7 31. axb4 Nab8 32. Bf4 Ree8 33. Nxe8
Rxe8 34. Bxd7 Nxd7 35. h4 f6 36. Rbc1 1-0

[Event "5. Open Memorial Pedro Lezcano 2012"]
[Site "Gran Canaria ESP"]
[Date "2012.04.02"]
[Round "1.15"]
[White "Cruz Ramirez, Nauzet"]
[Black "Hernando Rodrigo, Jose Maria"]
[Result "0-1"]
[WhiteElo "1710"]
[BlackElo "2326"]
[PlyCount "65"]
[EventDate "2012.04.02"]
[EventType "swiss"]
[EventRounds "9"]
[EventCountry "ESP"]
[Source "lmi"]
[SourceDate "2012.04.02"]

1. d4 g6 2. c4 f5 3. Nc3 Nf6 4. g3 d6 5. Nf3 Bg7 6. Bg2 O-O 7. O-O Qe8 8. Re1
Na6 9. e4 fxe4 10. Ng5 Bf5 11. Ngxe4 Nxe4 12. Nxe4 Qf7 13. Be3 Qxc4 14. b3 Qb5
15. Nc3 Qa5 16. Rc1 c6 17. a4 Rae8 18. g4 Bc8 19. h3 e5 20. d5 c5 21. Nb5 Rd8
22. Bd2 Nb4 23. Re4 a6 24. Na3 b5 25. Nc2 bxa4 26. Ra1 Qb6 27. Nxb4 cxb4 28.
Be3 Qc7 29. Rc4 Qe7 30. Rxb4 Rf7 31. Qe2 Qf8 32. Raxa4 Bd7 33. Rb6 0-1

[Event "5. Open Memorial Pedro Lezcano 2012"]
[Site "Gran Canaria ESP"]
[Date "2012.04.02"]
[Round "1.16"]
[White "Vega Gutierrez, Sabrina"]
[Black "Santana Gil, Odama"]
[Result "1-0"]
[WhiteElo "2323"]
[BlackElo "1663"]
[PlyCount "65"]
[EventDate "2012.04.02"]
[EventType "swiss"]
[EventRounds "9"]
[EventCountry "ESP"]
[Source "lmi"]
[SourceDate "2012.04.02"]

1. e4 e5 2. Nf3 Nc6 3. Bb5 a6 4. Ba4 Bc5 5. O-O Nf6 6. c3 b5 7. Bc2 d6 8. d4
Bb6 9. h3 O-O 10. Re1 h6 11. Be3 Re8 12. Nbd2 Bb7 13. d5 Bxe3 14. dxc6 Bxd2 15.
cxb7 Bxe1 16. bxa8=Q Bxf2+ 17. Kxf2 Qxa8 18. Qe2 d5 19. exd5 Qxd5 20. Qd2 Qb7
21. Re1 e4 22. Nh4 Qb6+ 23. Qe3 Qe6 24. Bb3 Qe5 25. Kg1 c5 26. Ng6 Qf5 27. Nf4
g5 28. Ne2 c4 29. Ng3 Qe6 30. Bc2 Nd5 31. Qd4 f5 32. Nh5 Re7 33. Qxd5 1-0

[Event "5. Open Memorial Pedro Lezcano 2012"]
[Site "Gran Canaria ESP"]
[Date "2012.04.02"]
[Round "1.17"]
[White "Perez Castellano, Yaiza"]
[Black "Joie, Sebastien"]
[Result "0-1"]
[WhiteElo "1642"]
[BlackElo "2320"]
[PlyCount "92"]
[EventDate "2012.04.02"]
[EventType "swiss"]
[EventRounds "9"]
[EventCountry "ESP"]
[Source "lmi"]
[SourceDate "2012.04.02"]

1. e4 e5 2. Nf3 Nc6 3. Bc4 Nf6 4. d3 Be7 5. c3 d6 6. Bb3 O-O 7. Nbd2 Kh8 8. O-O
Ng8 9. d4 Bg4 10. Qe1 Bf6 11. Qe3 g6 12. h3 Bd7 13. Nc4 b5 14. Na3 a6 15. Rd1
Qe7 16. Nc2 Bg7 17. Qd3 f5 18. dxe5 Nxe5 19. Nxe5 Qxe5 20. exf5 Bxf5 21. Qe3
Qf6 22. Qg5 Rae8 23. Nd4 Bd7 24. Qxf6 Nxf6 25. Be3 c5 26. Nf3 Ne4 27. Bd5 Ng3
28. Ng5 Ne2+ 29. Kh1 Be5 30. Nf7+ Rxf7 31. Bxf7 Rf8 32. Bd5 Nf4 33. Bb7 Rb8 34.
Bf3 Bf5 35. Rd2 g5 36. Rad1 Kg7 37. Bxf4 Bxf4 38. Re2 Be5 39. Bd5 h5 40. c4 b4
41. Bf3 g4 42. hxg4 hxg4 43. Be4 Rh8+ 44. Kg1 Be6 45. g3 Bxc4 46. Bd3 Bd5 0-1

[Event "5. Open Memorial Pedro Lezcano 2012"]
[Site "Gran Canaria ESP"]
[Date "2012.04.02"]
[Round "1.19"]
[White "Monteiro Rodrigues, Carlos"]
[Black "De La Cruz Sanchez, Carlos G"]
[Result "0-1"]
[WhiteElo "1619"]
[BlackElo "2288"]
[PlyCount "52"]
[EventDate "2012.04.02"]
[EventType "swiss"]
[EventRounds "9"]
[EventCountry "ESP"]
[Source "lmi"]
[SourceDate "2012.04.02"]

1. e4 e6 2. d4 d5 3. Nd2 c5 4. Ngf3 Nc6 5. Bb5 cxd4 6. Nxd4 Bd7 7. Nxc6 bxc6 8.
Bd3 Bd6 9. Nf3 Qc7 10. Qe2 dxe4 11. Qxe4 Nf6 12. Qh4 h6 13. Bd2 Rb8 14. Bc3 Ke7
15. O-O c5 16. Rfe1 Bc6 17. Re3 Bf4 18. Be5 Bxe5 19. Nxe5 Rhc8 20. Rc1 Kf8 21.
Nxc6 Qxc6 22. b3 Rd8 23. Qg3 Rb4 24. c4 Rb7 25. Be4 Nxe4 26. Rxe4 Qxe4 0-1

[Event "5. Open Memorial Pedro Lezcano 2012"]
[Site "Gran Canaria ESP"]
[Date "2012.04.02"]
[Round "1.20"]
[White "Gutierrez Olivares, Daniel"]
[Black "Quiza Vazquez, Carolina"]
[Result "1-0"]
[WhiteElo "2281"]
[BlackElo "1612"]
[PlyCount "49"]
[EventDate "2012.04.02"]
[EventType "swiss"]
[EventRounds "9"]
[EventCountry "ESP"]
[Source "lmi"]
[SourceDate "2012.04.02"]

1. c4 Nf6 2. Nc3 g6 3. g3 Bg7 4. Bg2 O-O 5. e4 d6 6. Nge2 c5 7. d3 Nc6 8. h3
Bd7 9. O-O Rb8 10. Be3 a6 11. a4 Qc7 12. Qd2 e6 13. f4 Nb4 14. f5 exf5 15. exf5
Bxf5 16. Rxf5 gxf5 17. Rf1 Qd7 18. Bh6 Ne8 19. Bg5 Nc7 20. h4 d5 21. Bh3 dxc4
22. Bxf5 Ne6 23. Ne4 Qd5 24. Nf6+ Bxf6 25. Bxf6 1-0

[Event "5. Open Memorial Pedro Lezcano 2012"]
[Site "Gran Canaria ESP"]
[Date "2012.04.02"]
[Round "1.21"]
[White "Falcon Diaz, Francisco Samuel"]
[Black "Valles, Manuel"]
[Result "0-1"]
[WhiteElo "1600"]
[BlackElo "2260"]
[PlyCount "60"]
[EventDate "2012.04.02"]
[EventType "swiss"]
[EventRounds "9"]
[EventCountry "ESP"]
[Source "lmi"]
[SourceDate "2012.04.02"]

1. e4 c5 2. Nf3 Nc6 3. d4 cxd4 4. Nxd4 g6 5. Be3 Nf6 6. f3 Bg7 7. Nc3 O-O 8.
Qd2 d5 9. exd5 Nxd5 10. Nxd5 Qxd5 11. Nxc6 bxc6 12. Qxd5 cxd5 13. O-O-O Rd8 14.
c3 e5 15. Bc4 Be6 16. Bb3 a5 17. a3 Rab8 18. Ba2 d4 19. Bxe6 fxe6 20. Bg5 Re8
21. Rd3 e4 22. fxe4 dxc3 23. b4 axb4 24. axb4 Rxb4 25. Rhd1 h6 26. Be7 Rxe4 27.
Rd7 Be5 28. g3 c2 29. Rf1 Ra4 30. Kd2 Bb2 0-1

[Event "5. Open Memorial Pedro Lezcano 2012"]
[Site "Gran Canaria ESP"]
[Date "2012.04.02"]
[Round "1.22"]
[White "Meneses Gonzalez, Kevin Moises"]
[Black "Aleman Alamo, Nicolas"]
[Result "1-0"]
[WhiteElo "2248"]
[BlackElo "1598"]
[PlyCount "53"]
[EventDate "2012.04.02"]
[EventType "swiss"]
[EventRounds "9"]
[EventCountry "ESP"]
[Source "lmi"]
[SourceDate "2012.04.02"]

1. e4 e6 2. d4 d5 3. Nc3 Bb4 4. e5 c5 5. a3 Ba5 6. b4 cxd4 7. Nb5 Bc7 8. f4 Ne7
9. Nf3 Nbc6 10. Bd3 a6 11. Nxc7+ Qxc7 12. O-O Bd7 13. Qd2 g6 14. g4 O-O-O 15.
Bb2 Qb6 16. Qf2 Kb8 17. Nxd4 Rc8 18. Nxc6+ Qxc6 19. a4 Qc7 20. Bd4 Qd8 21. b5
Qe8 22. bxa6 Nc6 23. axb7 Rc7 24. Bc5 Rxb7 25. Rfb1 Na5 26. Bd6+ Ka8 27. Rb6
1-0

[Event "5. Open Memorial Pedro Lezcano 2012"]
[Site "Gran Canaria ESP"]
[Date "2012.04.02"]
[Round "1.23"]
[White "Roque Hernandez, Francisco"]
[Black "Bressac, Stephane"]
[Result "0-1"]
[WhiteElo "1587"]
[BlackElo "2243"]
[PlyCount "48"]
[EventDate "2012.04.02"]
[EventType "swiss"]
[EventRounds "9"]
[EventCountry "ESP"]
[Source "lmi"]
[SourceDate "2012.04.02"]

1. d4 Nf6 2. c4 c5 3. d5 b5 4. e3 e6 5. dxe6 fxe6 6. cxb5 d5 7. Nf3 Bd6 8. Be2
O-O 9. O-O Bb7 10. Nbd2 Nbd7 11. b3 e5 12. Bb2 e4 13. Ne1 Qc7 14. h3 Ne5 15.
Bxe5 Bxe5 16. Rc1 Qe7 17. f4 exf3 18. Bxf3 Bd6 19. Nc2 Qe5 20. Ne1 Ne4 21. Nxe4
dxe4 22. Rc4 Qh2+ 23. Kf2 exf3 24. Nxf3 Rxf3+ 0-1

[Event "5. Open Memorial Pedro Lezcano 2012"]
[Site "Gran Canaria ESP"]
[Date "2012.04.02"]
[Round "1.24"]
[White "Gonzalez Diaz, Julio"]
[Black "Antonini, Roberto"]
[Result "1-0"]
[WhiteElo "2232"]
[BlackElo "1584"]
[PlyCount "116"]
[EventDate "2012.04.02"]
[EventType "swiss"]
[EventRounds "9"]
[EventCountry "ESP"]
[Source "lmi"]
[SourceDate "2012.04.02"]

1. e4 e5 2. Nf3 Nf6 3. d3 Nc6 4. g3 Bc5 5. Bg2 O-O 6. O-O d6 7. c3 Bg4 8. h3
Bh5 9. b4 Bb6 10. a4 a5 11. b5 Ne7 12. Na3 d5 13. g4 Nxg4 14. hxg4 Bxg4 15. Be3
Ng6 16. Qd2 Bxf3 17. Bxf3 Nh4 18. Bg2 Nxg2 19. Kxg2 f5 20. Bxb6 dxe4 21. Bc5
Rf6 22. Rh1 f4 23. Rae1 Rg6+ 24. Kf1 Qg5 25. f3 e3 26. Bxe3 fxe3 27. Rxe3 Rf8
28. Qf2 e4 29. dxe4 Qc5 30. Nc2 Qc4+ 31. Qe2 Qxa4 32. e5 Qb3 33. Rh4 Qb1+ 34.
Ne1 Qf5 35. Ree4 Qe6 36. Qc4 c6 37. bxc6 bxc6 38. Ke2 Kh8 39. Qxe6 Rxe6 40. Nd3
g5 41. Rh1 h6 42. Nc5 Rg6 43. Ra1 h5 44. Rxa5 h4 45. Ra1 Kh7 46. Nd7 Rf7 47.
Nf6+ Kh6 48. Ng4+ Kg7 49. Ke3 Re6 50. Rd1 Rb7 51. Rd6 Ree7 52. e6 c5 53. Re5
Kg6 54. Rdd5 Kg7 55. Rxg5+ Kf8 56. Rdf5+ Rf7 57. Rxf7+ Rxf7 58. exf7 Kxf7 1-0

[Event "5. Open Memorial Pedro Lezcano 2012"]
[Site "Gran Canaria ESP"]
[Date "2012.04.02"]
[Round "1.25"]
[White "Ramirez Maillo, Juan Adonay"]
[Black "Herrera Reyes, Jose Antonio"]
[Result "1/2-1/2"]
[WhiteElo "1575"]
[BlackElo "2220"]
[PlyCount "94"]
[EventDate "2012.04.02"]
[EventType "swiss"]
[EventRounds "9"]
[EventCountry "ESP"]
[Source "lmi"]
[SourceDate "2012.04.02"]

1. e4 c5 2. c3 d6 3. Nf3 Nf6 4. Bd3 g6 5. Bc2 Bg7 6. d4 cxd4 7. cxd4 Nc6 8. Nc3
Bg4 9. Be3 O-O 10. h3 Bxf3 11. Qxf3 Qb6 12. Bb3 Nxd4 13. Qd1 e5 14. O-O a6 15.
Qd3 Qa7 16. Rfd1 Nd7 17. Qd2 Nc5 18. Bc2 Rac8 19. Ne2 Nce6 20. Rac1 Rc7 21. Bb1
Rfc8 22. Nxd4 exd4 23. Bh6 Bh8 24. f4 Nc5 25. f5 d3 26. Be3 Nxe4 27. Qxd3 Nc5
28. Qxd6 Bxb2 29. f6 h5 30. Rxc5 Rxc5 31. Bxg6 Rd5 32. Bxf7+ Kh8 33. Qxd5 Qxe3+
34. Kh1 Be5 35. Qxb7 Rb8 36. Qf3 Qxf3 37. gxf3 h4 38. Bc4 Bxf6 39. Bxa6 Rb2 40.
Bc4 Be5 41. Be6 Kg7 42. Kg1 Kf6 43. Re1 Bh2+ 44. Kf1 Bg3 45. Re2 Rxe2 46. Kxe2
Kxe6 47. a4 Bc7 1/2-1/2

[Event "5. Open Memorial Pedro Lezcano 2012"]
[Site "Gran Canaria ESP"]
[Date "2012.04.02"]
[Round "1.26"]
[White "Alvarado Diaz, Alejandro"]
[Black "Morales Sanchez, Domingo"]
[Result "1-0"]
[WhiteElo "2219"]
[BlackElo "1555"]
[PlyCount "79"]
[EventDate "2012.04.02"]
[EventType "swiss"]
[EventRounds "9"]
[EventCountry "ESP"]
[Source "lmi"]
[SourceDate "2012.04.02"]

1. d4 d5 2. c4 e6 3. Nc3 Nf6 4. Bg5 Be7 5. e3 h6 6. Bh4 Nc6 7. Nf3 O-O 8. Rc1
a6 9. Bd3 Nb4 10. Be2 dxc4 11. Bxc4 b5 12. Be2 Bb7 13. O-O Rc8 14. a3 Nbd5 15.
Nxd5 Nxd5 16. Bxe7 Qxe7 17. b4 Nb6 18. Ne5 Qg5 19. Bf3 Bxf3 20. Qxf3 f6 21. Nc6
Rf7 22. Rc5 f5 23. Ne5 Re7 24. Qb7 Ree8 25. Qxa6 Qe7 26. Qxb5 Nd5 27. Rfc1 Kh7
28. Qd3 Nf6 29. Qc2 Nd7 30. Rxc7 Rxc7 31. Qxc7 Nxe5 32. Qxe5 Qd7 33. g3 Re7 34.
b5 Qb7 35. Rc6 Qa8 36. Rxe6 Rxe6 37. Qxe6 Qxa3 38. Qxf5+ Kg8 39. Qd5+ Kf8 40.
Qc6 1-0

[Event "5. Open Memorial Pedro Lezcano 2012"]
[Site "Gran Canaria ESP"]
[Date "2012.04.02"]
[Round "1.27"]
[White "Biscarri Candalia, Oscar"]
[Black "Garcia Blanco, Omar"]
[Result "0-1"]
[WhiteElo "1515"]
[BlackElo "2205"]
[PlyCount "85"]
[EventDate "2012.04.02"]
[EventType "swiss"]
[EventRounds "9"]
[EventCountry "ESP"]
[Source "lmi"]
[SourceDate "2012.04.02"]

1. d4 Nf6 2. c4 c5 3. d5 b5 4. cxb5 a6 5. e3 d6 6. Nc3 g6 7. Be2 Bg7 8. Nf3 O-O
9. O-O axb5 10. Bxb5 Ba6 11. Qe2 Bxb5 12. Qxb5 Nbd7 13. Qe2 Qa5 14. Bd2 Rfb8
15. Rfb1 Nb6 16. Nd1 Qa6 17. Qxa6 Rxa6 18. Bc3 Nbxd5 19. Nd2 Nxc3 20. Nxc3 Nd7
21. Nb3 Nb6 22. Kf1 Nc4 23. Nd1 Rba8 24. Nc3 Nxb2 25. Rc1 Nd3 26. Rc2 Nb4 27.
Rcc1 Bxc3 28. Rxc3 Rxa2 29. Rxa2 Rxa2 30. Nc1 Rc2 31. Ne2 Rxc3 32. Nxc3 Kf8 33.
Ke2 Ke8 34. Kd2 Kd7 35. e4 e6 36. f4 d5 37. g4 c4 38. e5 Kc6 39. Ne2 Kc5 40.
Nc3 Nd3 41. Na4+ Kb4 42. Nb6 Nxf4 43. Nd7 0-1

[Event "5. Open Memorial Pedro Lezcano 2012"]
[Site "Gran Canaria ESP"]
[Date "2012.04.02"]
[Round "1.28"]
[White "Illijin, Neboisa"]
[Black "Barrera Martin, Nayra"]
[Result "1-0"]
[WhiteElo "2191"]
[BlackElo "1494"]
[PlyCount "55"]
[EventDate "2012.04.02"]
[EventType "swiss"]
[EventRounds "9"]
[EventCountry "ESP"]
[Source "lmi"]
[SourceDate "2012.04.02"]

1. e4 d5 2. exd5 Qxd5 3. Nf3 Nf6 4. d4 c6 5. c4 Qd6 6. Be2 Bf5 7. Nc3 Nbd7 8.
O-O e6 9. c5 Qc7 10. Bg5 Ne4 11. Bh4 f6 12. Re1 g5 13. Nxe4 gxh4 14. Bc4 Qf4
15. g3 Rg8 16. Kh1 Qg4 17. Nxh4 Bxe4+ 18. f3 Bxf3+ 19. Nxf3 Qg7 20. Bxe6 Rh8
21. Bf5+ Be7 22. Qe2 Kd8 23. Bxd7 Kxd7 24. Qe6+ Kd8 25. d5 cxd5 26. Rad1 Ke8
27. Nh4 Qf7 28. Nf5 1-0